[Event "Yvelines-ch"]
[Site "Fontenay le Fleury"]
[Date "2012.02.25"]
[Round "6"]
[White "Rodriguez, Jean Pierre"]
[Black "Mace, Sebastien"]
[Result "0-1"]
[WhiteElo "1641"]
[BlackElo "1687"]
[PlyCount "96"]
[EventDate "2012.02.18"]
[EventType "swiss"]
[EventRounds "7"]
[EventCountry "FRA"]
[SourceTitle "EXT 2013"]
[Source "ChessBase"]
[SourceDate "2012.11.22"]
[SourceVersion "1"]
[SourceVersionDate "2012.11.22"]
[SourceQuality "1"]

1. c4 Nf6 2. Nc3 e6 3. g3 d5 4. cxd5 exd5 5. d4 Bf5 6. Bg2 c6 7. Nf3 Bd6 8. 0-0 Nbd7 9. Re1 h6 10. Nd2 0-0 11. e4 dxe4 12. Ndxe4 Bb4 13. Nxf6+ Nxf6 14. a3 Ba5 15. b4 Bb6 16. Ne2 Re8 17. Bb2 Be4 18. Nf4 Bxg2 19. Kxg2 Qd6 20. Qd3 Nd5 21. Ne2 Re6 22. Kg1 Rae8 23. Qd2 Qe7 24. Kf1 Qf6 25. Kg2 Re4 26. Nc3 Nxc3 27. Bxc3 Rxe1 28. Rxe1 Rxe1 29. Qxe1 Qd8 30. Qe4 Qd7 31. f3 Bc7 32. Qe3 Bb6 33. Qe4 f5 34. Qe3 a6 35. Qe5 Bc7 36. Qe3 Kf7 37. f4 g6 38. h4 Qe6 39. Qxe6+ Kxe6 40. Kf3 Kd5 41. Ke3 Kc4 42. Kd2 Kb3 43. Kd3 Bd6 44. a4 Kxa4 45. Kc2 Bxb4 46. Kd3 Bxc3 47. Kxc3 b5 48. h5 gxh5 0-1

[Event "Montigny le Bretonneux Noel op 14th"]
[Site "Montigny le Bretonneux"]
[Date "2011.12.28"]
[Round "4.9"]
[White "Rodriguez, Jean Pierre"]
[Black "Gazay, Didier"]
[Result "0-1"]
[WhiteElo "1622"]
[BlackElo "1805"]
[PlyCount "112"]
[EventDate "2011.12.26"]
[EventType "swiss"]
[EventRounds "7"]
[EventCountry "FRA"]
[SourceTitle "EXT 2014"]
[Source "ChessBase"]
[SourceDate "2013.11.20"]
[SourceVersion "1"]
[SourceVersionDate "2013.11.20"]
[SourceQuality "1"]

1. c4 c5 2. Nf3 g6 3. Nc3 Bg7 4. g3 Nc6 5. Bg2 d6 6. 0-0 Nf6 7. a3 0-0 8. Rb1 Bf5 9. d3 Qd7 10. Re1 e5 11. Nh4 Be6 12. b4 Rab8 13. b5 Ne7 14. Bb2 b6 15. Qd2 d5 16. cxd5 Nfxd5 17. Nxd5 Bxd5 18. e4 Be6 19. a4 Rbd8 20. Nf3 f6 21. Bf1 Bb3 22. Ra1 Qe6 23. Ra3 Qf7 24. Rc1 Nc8 25. Qc3 Be6 26. a5 Rd7 27. axb6 axb6 28. Rca1 Rfd8 29. Qc1 Na7 30. Ra6 Rb8 31. Bxe5 fxe5 32. Ng5 Qe7 33. Nxe6 Bf6 34. Qc4 Kh8 35. Bh3 Rdb7 36. f4 exf4 37. Nxf4 Bxa1 38. Rxa1 Qe5 39. Rf1 Nc8 40. Nxg6+ hxg6 41. Rf8+ Kh7 42. Qg8+ Kh6 43. Bxc8 Ra7 44. Rd8 Qa1+ 45. Kg2 Qa2+ 46. Qxa2 Rxa2+ 47. Kh3 Raa8 48. Rd6 Rxc8 49. e5 Rab8 50. Kh4 Rd8 51. Rf6 Rxd3 52. h3 Rd5 53. e6 Re5 54. g4 Rb7 55. Rf7 Rxf7 56. exf7 Kg7 0-1

[Event "Montigny le Bretonneux Noel op 14th"]
[Site "Montigny le Bretonneux"]
[Date "2011.12.27"]
[Round "3.14"]
[White "Pommier, Eugene"]
[Black "Rodriguez, Jean Pierre"]
[Result "0-1"]
[WhiteElo "1500"]
[BlackElo "1622"]
[PlyCount "163"]
[EventDate "2011.12.26"]
[EventType "swiss"]
[EventRounds "7"]
[EventCountry "FRA"]
[SourceTitle "EXT 2014"]
[Source "ChessBase"]
[SourceDate "2013.11.20"]
[SourceVersion "1"]
[SourceVersionDate "2013.11.20"]
[SourceQuality "1"]

1. d4 Nf6 2. Nf3 d5 3. e3 e6 4. Bd3 c5 5. c3 Nbd7 6. 0-0 Be7 7. Nbd2 0-0 8. Qe2 Qc7 9. e4 dxe4 10. Nxe4 Nxe4 11. Bxe4 Nf6 12. Bd3 b6 13. Ne5 Bb7 14. f3 cxd4 15. cxd4 Rad8 16. Be3 Nd5 17. Rac1 Qb8 18. Nc6 Bxc6 19. Rxc6 Nb4 20. Rcc1 Nxa2 21. Ra1 Nb4 22. Bb5 Rc8 23. Rfc1 Rxc1+ 24. Rxc1 Rc8 25. Rc3 Nd5 26. Rxc8+ Qxc8 27. Bd2 Bf6 28. Qe4 h6 29. Bd3 Kf8 30. Qh7 Bxd4+ 31. Kf1 Qc5 32. Qe4 Bxb2 33. Ke2 a5 34. Qh4 Bf6 35. Qg3 e5 36. Qg4 Qc6 37. Ba6 a4 38. Qc4 Qxc4+ 39. Bxc4 Nc7 40. Ba2 Be7 41. Be3 b5 42. Bb6 Bd6 43. h3 Ke7 44. Ke3 f5 45. g3 b4 46. Bc4 b3 47. Kd2 Kd7 48. Kc1 Kc6 49. Be3 Bc5 50. Bd2 Bd4 51. Bb4 g6 52. g4 fxg4 53. hxg4 Nd5 54. Bf8 h5 55. Bd3 hxg4 56. fxg4 g5 57. Be4 Bc5 58. Bh6 Kd6 59. Bf8+ Kc6 60. Bg7 Bd4 61. Bf8 Bc5 62. Bg7 Be3+ 63. Kb1 Bf4 64. Bf8 Be3 65. Kb2 Bc5 66. Bg7 Kd6 67. Bf8+ Ne7 68. Bxe7+ Kxe7 69. Bc6 Bd4+ 70. Ka3 b2 71. Be4 Kd6 72. Kxa4 Kc5 73. Kb3 Kb5 74. Bd3+ Kc5 75. Be4 Be3 76. Kxb2 Kd4 77. Bf5 e4 78. Kc2 Bf4 79. Kd1 Ke3 80. Ke1 Kf3 81. Kf1 e3 82. Ke1 0-1

[Event "Saint Quentin op 11th"]
[Site "Elancourt"]
[Date "2009.04.22"]
[Round "6"]
[White "Fayolle, Guy"]
[Black "Rodriguez, Jean Pierre"]
[Result "1-0"]
[WhiteElo "1854"]
[BlackElo "1664"]
[PlyCount "51"]
[EventDate "2009.04.18"]
[EventType "swiss"]
[EventRounds "9"]
[EventCountry "FRA"]
[SourceTitle "CBM 129 Extra"]
[Source "ChessBase"]
[SourceDate "2009.05.05"]
[SourceVersion "2"]
[SourceVersionDate "2009.05.20"]
[SourceQuality "1"]

1. e4 c6 2. d4 d5 3. exd5 cxd5 4. c4 g6 5. Qb3 Nf6 6. Nc3 Nc6 7. cxd5 Nxd4 8. Qa4+ Bd7 9. Qxd4 Bg7 10. Qd1 0-0 11. Be2 a6 12. Nf3 Re8 13. 0-0 Qc7 14. Re1 h5 15. Ng5 Rad8 16. Qb3 Qe5 17. Bd2 Qb8 18. Be3 b5 19. a3 Ng4 20. Bxg4 Bxg4 21. h3 Bc8 22. Rad1 Be5 23. d6 Bg7 24. Qxf7+ Kh8 25. Qxg6 Kg8 26. dxe7 1-0

[Event "Saint Quentin op 11th"]
[Site "Elancourt"]
[Date "2009.04.19"]
[Round "2"]
[White "Laurent, Dominique"]
[Black "Rodriguez, Jean Pierre"]
[Result "1-0"]
[WhiteElo "2012"]
[BlackElo "1664"]
[PlyCount "59"]
[EventDate "2009.04.18"]
[EventType "swiss"]
[EventRounds "9"]
[EventCountry "FRA"]
[SourceTitle "CBM 129 Extra"]
[Source "ChessBase"]
[SourceDate "2009.05.05"]
[SourceVersion "2"]
[SourceVersionDate "2009.05.20"]
[SourceQuality "1"]

1. e4 c6 2. d4 d5 3. Nc3 dxe4 4. Nxe4 Bf5 5. Ng3 Bg6 6. f4 Nf6 7. Nf3 h6 8. Bc4 e6 9. Qe2 Be7 10. 0-0 0-0 11. c3 Nbd7 12. Re1 Nd5 13. Bxd5 cxd5 14. f5 Bh7 15. fxe6 Nf6 16. exf7+ Rxf7 17. Ne5 Rf8 18. Nh5 Ne4 19. Qg4 Bg5 20. h4 Bf5 21. Bxg5 hxg5 22. Qe2 gxh4 23. Qe3 h3 24. Ng3 h2+ 25. Kh1 Bh7 26. Nxe4 Bxe4 27. Qg3 Qe8 28. Rf1 Qh5 29. Nd7 Rf5 30. Nf6+ 1-0

[Event "Montigny le Bretonneux Noel op 11th"]
[Site "Montigny le Bretonneux"]
[Date "2008.12.27"]
[Round "2"]
[White "Rodriguez, Jean Pierre"]
[Black "Baron, Daniel"]
[Result "0-1"]
[WhiteElo "1693"]
[BlackElo "2122"]
[PlyCount "70"]
[EventDate "2008.12.26"]
[EventType "swiss"]
[EventRounds "7"]
[EventCountry "FRA"]
[SourceTitle "EXT 2010"]
[Source "ChessBase"]
[SourceDate "2010.11.25"]
[SourceVersion "1"]
[SourceVersionDate "2010.11.25"]
[SourceQuality "1"]

1. c4 c5 2. Nf3 Nc6 3. Nc3 e5 4. g3 g6 5. Bg2 Bg7 6. 0-0 Nge7 7. Rb1 0-0 8. e3 d6 9. a3 a5 10. b3 h6 11. Bb2 Be6 12. d3 d5 13. cxd5 Nxd5 14. Ne2 Qe7 15. Qc2 Rac8 16. Qd2 Rfd8 17. Rfd1 Kh7 18. Nc3 f5 19. Nxd5 Bxd5 20. Qc2 b6 21. Ba1 Na7 22. a4 Nc6 23. Qe2 Rd7 24. e4 Be6 25. Rd2 Rcd8 26. exf5 Bxf5 27. Ne1 Nd4 28. Bxd4 Rxd4 29. Rbd1 Qd6 30. h3 Rb4 31. g4 Be6 32. Qf3 Bxb3 33. Rb1 Bxa4 34. h4 Qf6 35. Qg3 Qf4 0-1

[Event "Val Thorens op 34th"]
[Site "Val Thorens"]
[Date "2008.07.22"]
[Round "4"]
[White "Brunner, Nicolas"]
[Black "Rodriguez, Jean Pierre"]
[Result "1-0"]
[WhiteElo "2429"]
[BlackElo "2149"]
[PlyCount "35"]
[EventDate "2008.07.19"]
[EventType "swiss"]
[EventRounds "9"]
[EventCountry "FRA"]
[SourceTitle "EXT 2009"]
[Source "ChessBase"]
[SourceDate "2008.11.26"]
[SourceVersion "1"]
[SourceVersionDate "2008.11.26"]
[SourceQuality "1"]

1. d4 d5 2. c4 Nc6 3. Nc3 Nf6 4. Nf3 dxc4 5. Bg5 h6 6. Bh4 a6 7. d5 Na7 8. e4 c6 9. Bxc4 b5 10. Bb3 Bb7 11. Ne5 cxd5 12. exd5 Qd6 13. Bg3 Qb6 14. 0-0 g6 15. Re1 Nc8 16. Na4 Qd8 17. Nc5 Ra7 18. d6 1-0

[Event "Val Thorens op 34th"]
[Site "Val Thorens"]
[Date "2008.07.20"]
[Round "2"]
[White "Rodriguez, Jean Pierre"]
[Black "Vitoux, Colomban"]
[Result "0-1"]
[WhiteElo "1933"]
[BlackElo "2454"]
[PlyCount "62"]
[EventDate "2008.07.19"]
[EventType "swiss"]
[EventRounds "9"]
[EventCountry "FRA"]
[SourceTitle "EXT 2009"]
[Source "ChessBase"]
[SourceDate "2008.11.26"]
[SourceVersion "1"]
[SourceVersionDate "2008.11.26"]
[SourceQuality "1"]

1. e4 Nf6 2. Nc3 Nc6 3. d4 d5 4. e5 Nd7 5. f4 Nb6 6. Be3 Bf5 7. Be2 e6 8. b3 Bb4 9. Qd2 Nxd4 10. Bxd4 c5 11. Bb5+ Kf8 12. Bf2 d4 13. Nge2 Nd5 14. a3 Bxc3 15. Nxc3 Nxc3 16. Bd3 h5 17. 0-0 Rh6 18. Bxf5 exf5 19. Qd3 Qd5 20. Bh4 Qe4 21. Be1 Qxd3 22. cxd3 Rb6 23. b4 cxb4 24. axb4 Rxb4 25. Ra3 a5 26. Bxc3 dxc3 27. Rxc3 a4 28. g3 a3 29. Ra1 a2 30. Rcc1 Rb2 31. d4 Ra5 0-1